00485nam a2200193 a 4500001001300000003000900013005001700022008004100039020000800080082001600088100002800104245002200132260004200154300000900196500003500205505001000240650001300250700002800263nice12345678IN_TiNIC20260116011333.0050524s1962 lona grp 000 0 eng  ac000a954.91bWIL aWilliams, Rushbrook L F aState of Pakistan aLondonbFaber and Faber Limitedc1962 a254p aincludes index and biblioraphy2 aIndex aPakistan1 aWilliams, Rushbrook L F